000 00694ntaaa2200205 4500
003 01
005 20251027202323.0
008 0714s1973 ag 01
040 _aAR-BaBN
_bspa
_cAR-BaBN
_eaacr
_dRIC
082 _a281.1000 C49
100 _aCipriano, San
_921761
245 _aObras de San Cipriano
250 _a1 ed.
260 _aMadrid :
_bBiblioteca de Autores Cristianos,
_c1964
300 _axii, 767 p
500 _aVida, obras, pensamientos teológicos y pervivencia de San Cipriano, santo obispo mártir de Cartago. Africano.Incluye tratados y cartas.Edición bilingüe, Latín-castellano
650 _ateología católica
_96125
700 _aCampos, Julio
_921762
942 _cBK
999 _c18011
_d18011